00457nam a2200193Ia 4500003000900000008004100009040001300050040001300063041000800076100001800084245004500102250002300147260002100170260000900191300001100200300001000211490003600221490000600257IT-RoPAU120407s9999 xx 000 0 und d aIT-RoPAU cIT-RoPAU aita aBlaise Pascal aPensieri ed altri scritti di e su Pascal aCinisello Balsamo  aEdizioni Paoline c1986 a501 p. c21 cm aClassici del pensiero cristiano v1